| 000 | 00668nam a2200205 a 4500 | ||
|---|---|---|---|
| 999 |
_c5590 _d5590 |
||
| 005 | 20200529165354.0 | ||
| 008 | 200529b ||||| |||| 00| 0 spa d | ||
| 020 | _a2831705770 | ||
| 040 |
_aCO-BoIAVH _cCO-BoIAVH |
||
| 041 | _aspa | ||
| 082 | _a333.911 | ||
| 090 |
_aLB _b04856 |
||
| 110 |
_bUnión Internacional para la Conservación de la Naturaleza y de los Recursos Naturales _992359 |
||
| 245 |
_aVisión del agua y la naturaleza _bestrategia mundial para la conservación y manejo sostenible de recursos hídricos en el siglo XXI |
||
| 260 |
_aGland _bUICN _c2000 |
||
| 300 | _a52 p. | ||
| 650 | 0 |
_aAgua _9103223 |
|
| 942 |
_cLIBRO _2ddc |
||
| 945 | _d2007-06-12 | ||